BARIŞ KAPTAN (Kayıt no. 727151)

MARC ayrıntıları
000 -LEADER
sabit uzunluktaki kontrol alanı 00236nam a2200097Ia 4500
001 - KONTROL NUMARASI
kontrol alanı 727151
005 - EN SON İŞLEMİN TARİH VE ZAMANI
kontrol alanı 20250826163443.0
008 - SABİT-UZUNLUKTA VERİ ÖĞELERİ--GENEL BİLGİ
sabit uzunluktaki kontrol alanı 250824s9999 xx 000 0 und d
245 #0 - ESER / YAZAR
ESER ADI BARIŞ KAPTAN
Yazar Adı SELMA TUĞRUC
260 ## - YAYIN, DAĞITIM, VB.
YAYIN EVİ GİZEMLİ BAHÇE
Mevcut
Düşüm durumu Kayıp durumu Hasar Durumu Ödünç verilmez Ana kütüphane Geçerli Kütüphane Edinilen tarih Toplam ödünç verme sayısı Barkod Son görüntüleme tarihi Son ödünç verme tarihi Fiyatın geçerli olmaya başladığı tarih Koha materyal türü
        ZELİHA LÜTFİ KULLUK İLKOKULU ZELİHA LÜTFİ KULLUK İLKOKULU 24.08.2025 1 10163512 10.02.2026 21.01.2026 26.08.2025 Kitaplar
Gemini Bilgi Teknolojileri A.Ş. tarafından düzenlenmiştir.